[Event "Padova del Santo op 2nd"]
[Site "Padova"]
[Date "2015.02.15"]
[Round "5"]
[White "Latella, Tommaso"]
[Black "Rostolis, Riccardo"]
[Result "1/2-1/2"]
[WhiteElo "1636"]
[BlackElo "1925"]
[PlyCount "61"]
[EventDate "2015.02.13"]
[EventType "swiss"]
[EventRounds "5"]
[EventCountry "ITA"]
[SourceTitle "EXT 2024"]
[Source "ChessBase"]
[SourceDate "2023.10.10"]
[SourceVersion "1"]
[SourceVersionDate "2023.10.10"]
[SourceQuality "1"]

1. e4 c5 2. d4 cxd4 3. c3 Nf6 4. e5 Nd5 5. Nf3 e6 6. cxd4 d6 7. Bc4 Nb6 8. Bd3 Nc6 9. 0-0 Be7 10. Nc3 Nd7 11. Bf4 dxe5 12. dxe5 Nc5 13. Bb5 0-0 14. Qe2 Bd7 15. Rfd1 Qc7 16. Ne4 a6 17. Nxc5 Bxc5 18. Bd3 Nb4 19. Bxh7+ Kh8 20. Be4 Bb5 21. Qe1 Rad8 22. a3 Nd3 23. Bxd3 Bxd3 24. Rac1 Qb6 25. b4 Be7 26. Qc3 Be4 27. Ng5 Bxg5 28. Bxg5 Rxd1+ 29. Rxd1 Qc6 30. Qxc6 Bxc6 31. Rd8 1/2-1/2